Electromagnetism Theory and Applications (Record no. 37231)

MARC details
000 -LEADER
fixed length control field 00389nam a2200157Ia 4500
008 - FIXED-LENGTH DATA ELEMENTS--GENERAL INFORMATION
fixed length control field 230524s9999 xx 000 0 und d
082 ## - DEWEY DECIMAL CLASSIFICATION NUMBER
Classification number 621.382
Item number NAI
100 ## - MAIN ENTRY--AUTHOR NAME
Personal name Ashutosh Pramanik
245 #0 - TITLE STATEMENT
Title Electromagnetism Theory and Applications
250 ## - EDITION STATEMENT
Edition statement 1ST
260 ## - PUBLICATION, DISTRIBUTION, ETC. (IMPRINT)
Place of publication NEW DELHI
Name of publisher PHI
Year of publication 2003
300 ## - PHYSICAL DESCRIPTION
Number of Pages XIII;434
500 ## - GENERAL NOTE
General note Quantity Number: 3
650 ## - SUBJECT ADDED ENTRY--TOPICAL TERM
Topical Term Physics
942 ## - ADDED ENTRY ELEMENTS (KOHA)
Koha item type Books
Holdings
Lost status Damaged status Permanent Location Current Location Shelving location Date acquired Full call number Accession Number Koha item type
    Central Library, Trident Academy of Technology Central Library, Trident Academy of Technology General Stacks 05/24/2023 621.382 NAI 16879 Books
    Central Library, Trident Academy of Technology Central Library, Trident Academy of Technology General Stacks 05/24/2023 621.382 NAI 16880 Books
    Central Library, Trident Academy of Technology Central Library, Trident Academy of Technology General Stacks 05/24/2023 621.382 NAI 54085 Books
Trident Academy of Technology © 2023.
All rights reserved.                                                                                                                                                                                                        Designed by Team of Central Library .

Powered by Koha